Niemands land. (Record no. 3853)

MARC details
000 -LEADER
fixed length control field 00567cam a22002051 4500
001 - CONTROL NUMBER
control field af 47007135
003 - CONTROL NUMBER IDENTIFIER
control field DLC
005 - DATE AND TIME OF LATEST TRANSACTION
control field 20260227110841.0
008 - FIXED-LENGTH DATA ELEMENTS--GENERAL INFORMATION
fixed length control field 890605s1943 be f 000 0 dut c
010 ## - LIBRARY OF CONGRESS CONTROL NUMBER
LC control number af 47007135
035 ## - SYSTEM CONTROL NUMBER
System control number (OCoLC)19820454
040 ## - CATALOGING SOURCE
Original cataloging agency California. Univ. Library
Transcribing agency CU
Modifying agency DLC
042 ## - AUTHENTICATION CODE
Authentication code premarc
050 00 - LIBRARY OF CONGRESS CALL NUMBER
Classification number PT2647.I33
Item number N43
100 1# - MAIN ENTRY--PERSONAL NAME
Personal name Wiessalla, Josef,
Dates associated with a name 1898-1945.
245 10 - TITLE STATEMENT
Title Niemands land.
Statement of responsibility, etc. [Vertaald door Paul Lebeau]
260 ## - PUBLICATION, DISTRIBUTION, ETC.
Place of publication, distribution, etc. Antwerpen,
Name of publisher, distributor, etc. De Eik
Date of publication, distribution, etc. [1943]
300 ## - PHYSICAL DESCRIPTION
Extent 94 p.
Other physical details plates.
Dimensions 19 cm.
700 1# - ADDED ENTRY--PERSONAL NAME
Personal name Lebeau, Paul,
Relator term tr.

No items available.

Powered by Koha